Okonomie interessen politik

Đã lưu trong:
書目詳細資料
主要作者: Sik, Ota
格式: 圖書
語言:Undetermined
出版: Berlin Dietz Verlag 1966
主題:
標簽: 添加標簽
沒有標簽, 成為第一個標記此記錄!
Thư viện lưu trữ: Trung tâm Học liệu Trường Đại học Cần Thơ
LEADER 00417nam a2200169Ia 4500
001 CTU_79545
008 210402s9999 xx 000 0 und d
082 |a 330 
082 |b S579 
100 |a Sik, Ota 
245 0 |a Okonomie interessen politik 
245 0 |c Ota Sik 
260 |a Berlin 
260 |b Dietz Verlag 
260 |c 1966 
650 |a Economics 
980 |a Trung tâm Học liệu Trường Đại học Cần Thơ